Tutela procesal de las libertades fundamentales: el encuentro de San Carlos de Bariloche, 7 al 10 de diciembre de 1987

Zapisane w:
Opis bibliograficzny
Główni autorzy: Abad Hernando, J. L (Autor), Barbosa Moreira, J. C (Autor), Bertolino, P. J (Autor), Bidart Campos, Germán J (Autor), Corrales Compagnucci, H (Autor), Gros Espiel, H (Autor), Hitters, J. C (Autor), Morello, A. M (Autor), Palacio, L. E (Autor), Rivas, A. A (Autor), Sagüés, N. P (Autor), Soto Kloss, E (Autor), Vescovi, E (Autor)
Format: Książka
Język:hiszpański
Wydane: La Plata JUS 1988
Wydanie:1a. ed
Hasła przedmiotowe:
Etykiety: Dodaj etykietę
Nie ma etykietki, Dołącz pierwszą etykiete!

MARC

LEADER 00000cam a2200000 a 4500
001 UCC4367
003 CL-VaPUC
008 180727e19880000ag |||||||||||||||||spa|d
020 |a 9509927406 
082 0 4 |a 347.077  |b ABA  |2 21 
100 0 |a Abad Hernando, J. L  |e author  |9 598597 
700 0 |a Barbosa Moreira, J. C  |e author  |9 598598 
700 0 |a Bertolino, P. J  |e author  |9 598599 
700 |a Bidart Campos, Germán J  |e author  |9 382611 
700 0 |a Corrales Compagnucci, H  |e author  |9 598601 
700 0 |a Gros Espiel, H  |e author  |9 598602 
700 0 |a Hitters, J. C  |e author  |9 598603 
700 0 |a Morello, A. M  |e author  |9 598604 
700 0 |a Palacio, L. E  |e author  |9 598605 
700 0 |a Rivas, A. A  |e author  |9 598606 
700 0 |a Sagüés, N. P  |e author  |9 598607 
700 0 |a Soto Kloss, E  |e author  |9 598608 
700 0 |a Vescovi, E  |e author  |9 598609 
245 1 0 |a Tutela procesal de las libertades fundamentales: el encuentro de San Carlos de Bariloche, 7 al 10 de diciembre de 1987 
250 |a 1a. ed 
300 |a 266 p 
942 |c BK 
945 |d 20180727 12:54:00  |a dcastane 
260 |a La Plata  |b JUS  |c 1988 
650 7 |a TUTELA PROCESAL  |2 CL-VaPUC  |9 598610 
650 0 |a Derecho procesal civil  |9 258071 
650 0 |a Derechos fundamentales   |9 254841 
583 |a last modification  |c 20180727 12:54:00  |k Rodrigo Vera 
999 |c 371919  |d 371917 
952 |0 0  |1 0  |3 erb  |4 0  |6 347_077000000000000_ABA_1988  |7 0  |8 A  |9 489125  |a BIBDER  |b BIBDER  |e Mateluna Arestizabal, Alfredo Sergio  |i 5484731  |o 347.077 ABA 1988  |p 5484731  |r 2023-01-25  |w 2019-11-24  |y BK  |z Catalogado en:20180727  |k DER